| 000 | 00539nam a2200193Ia 4500 | ||
|---|---|---|---|
| 005 | 20250326144905.0 | ||
| 008 | 250326s9999 xx 000 0 und d | ||
| 020 | _a81-85985-09-X | ||
| 037 | _aTextbook | ||
| 040 |
_aFMSL _beng _cFMSL |
||
| 041 |
_aeng _2eng |
||
| 084 |
_aX:8.42 N3 _qFMSL |
||
| 100 |
_aDillon A P _9750271 |
||
| 245 | 0 |
_aTaiichi ohno : workplace management _cDillon A P |
|
| 260 |
_aMadras _bMadras, Productivity Press _c1993 |
||
| 300 | _axi,153 | ||
| 942 |
_cTB _hX:8.42 N3 |
||
| 999 |
_c1305489 _d1305489 |
||